000 01073nam a2200253Ia 4500
999 _c36671
_d36671
001 2598
003 GE_BSU
005 20221130114208.0
008 181216s2001||||ge |||||||||||||| ||geo||
020 _a9992883294x
040 _cGE_BSU
041 _ageo
080 _a159.9 ჩ–241
100 _aჩარკვიანი, დავით
_916234
245 _aფსიქოლოგია ინდუსტრიულ ორგანიზაციებში :
_bთეორია, კვლევა, პრაქტიკა /
_cდავით ჩარკვიანი.
264 _aთბილისი
_bშპს ნათია
_c2001
300 _a469 გვ.:
_bნახ. ;
_c28 სმ.
504 _a ბიბლიოგრ.: გვ. 456-470.
541 _h12 ლ.
653 _aინდუსტრიული ფსიქოლოგია.
653 _aშრომის ფსიქოლოგია.
653 _aსაინჟინრო (ტექნიკური) ფსიქოლოგია.
942 _cBK
_2udc